Drapeaux de pays avec le plus de noir - Statistiques

Statistiques générales
  • Ce quiz a été pris 24 273 fois
    21 039 depuis la dernière actualisation
  • Le résultat moyen est 12 sur 14
Statistiques - réponses
Par images Hint Réponse % Correct
33.3% Allemagne
99%
33.3% Belgique
99%
33.1% Jamaïque
97%
33.3% Égypte
96%
33.3% Irak
92%
33.3% Estonie
91%
30.2% Kenya
90%
47.2% Angola
85%
33.3% Syrie
85%
31.3% Ouganda
76%
29.8% Tanzanie
74%
48.9% Libye
73%
33.3% Yémen
71%
48.1% Papouasie-Nouvelle- Guinée
70%
Aucun quiz correspondant
Distribution des résultats
% des personnes avec chaque résultat
Percentile par nombre de réponses
Votre historique - résultats
Vous n’avez pas pris ce quiz depuis la dernière actualisation